[Event "KSB 24/25 Slavoj E - Dobra E"]
[Site "Czechia"]
[Date "2024.11.03"]
[Round "2.1"]
[White "Dobrovolsky, Ladislav"]
[Black "Filip, Tomáa"]
[Result "1/2-1/2"]
[WhiteElo "2113"]
[BlackElo "1994"]
[PlyCount "38"]
[EventDate "2004.10.09"]
[EventType "team"]
[EventRounds "11"]
[EventCountry "CZE"]
[Source "Chess Informant"]

{[%evp 0,38,24,14,15,20,27,-5,0,6,31,8,19,-17,8,-1,10,18,6,-3,4,-4,36,39,49,44,78,70,82,67,74,56,74,54,65,57,74,58,69,32,30]} 1. Nf3 d5 2. d4 Nf6 3. c4 e6 4. Nc3 a6 5. cxd5 exd5 6. Qc2 h6 7. Bf4 Bd6 8. Bxd6 Qxd6 9. e3 O-O 10. Be2 c5 11. dxc5 Qxc5 12. O-O b5 13. Rac1 Qb6 14. Rfd1 Be6 15. Nd4 Nbd7 16. Qb3 Rfc8 17. Qb4 Qb8 18. Nb1 Ne5 19. g3 Bd7 1/2-1/2

[Event "KSB 24/25 Slavoj E - Dobra E"]
[Site "Czechia"]
[Date "2024.11.03"]
[Round "2.2"]
[White "Zemkova, Klara"]
[Black "Dostal, Radim"]
[Result "1/2-1/2"]
[WhiteElo "1943"]
[BlackElo "1956"]
[PlyCount "54"]
[EventDate "2004.10.09"]
[EventType "team"]
[EventRounds "11"]
[EventCountry "CZE"]
[Source "Chess Informant"]

{[%evp 0,54,14,13,41,36,49,32,33,33,28,25,51,38,36,32,35,5,26,2,27,-12,-12,2,12,14,14,21,37,29,-12,-16,-19,38,23,20,25,26,26,21,23,17,15,-18,48,17,17,0,0,-13,-10,-15,-10,-8,-12,-21,0]} 1. e4 e6 2. d4 d5 3. exd5 exd5 4. Nf3 Bg4 5. Bd3 Nc6 6. c3 Bd6 7. O-O Nge7 8. Bg5 Qd7 9. Nbd2 O-O-O 10. b4 f6 11. Bh4 Nf5 12. Bg3 Nxg3 13. hxg3 h5 14. Qa4 Kb8 15. Bb5 Rde8 16. c4 a6 17. Bxc6 Qxc6 18. Qxc6 bxc6 19. c5 Be7 20. a4 Bd7 21. Rfc1 Ka7 22. Re1 Bd8 23. a5 g5 24. Rxe8 Rxe8 25. Re1 Rxe1+ 26. Nxe1 Bf5 27. f4 g4 1/2-1/2

[Event "KSB 24/25 Slavoj E - Dobra E"]
[Site "?"]
[Date "2024.11.03"]
[Round "2.3"]
[White "Dobes, Ludek"]
[Black "Keprt, Pavel"]
[Result "1-0"]
[WhiteElo "1973"]
[BlackElo "1997"]
[PlyCount "125"]
[EventDate "2024.??.??"]
[Source "Chess Informant"]

{[%evp 0,91,14,20,23,27,91,79,69,79,59,69,72,85,63,63,89,89,79,71,153,87,68,69,88,72,69,70,89,60,78,64,79,81,94,86,86,88,71,84,68,73,95,89,93,95,114,125,108,125,125,134,132,130,133,123,128,123,134,139,141,144,149,152,146,146,153,146,221,240,243,205,242,217,235,209,215,222,224,224,225,218,205,214,220,218,223,217,219,217,222,222,215,212]} 1. d4 Nf6 2. Nf3 b5 3. Bg5 Bb7 4. e3 a6 5. Nbd2 h6 6. Bxf6 exf6 7. c4 b4 8. Bd3 Be7 9. O-O O-O 10. c5 d6 11. cxd6 Bxd6 12. Ne4 Nc6 13. Nxd6 Qxd6 14. Nh4 Ne7 15. Qg4 Rad8 16. Rac1 Bc8 17. Qg3 c6 18. Rc5 Qxg3 19. hxg3 Rd5 20. Rfc1 Rfd8 21. Be4 Rxc5 22. Rxc5 Bb7 23. Nf5 Nxf5 24. Rxf5 Kf8 25. Rc5 Rc8 26. Rc4 a5 27. Rc5 Ra8 28. Bxc6 Bxc6 29. Rxc6 Ra7 30. Kf1 Ke7 31. Ke2 Kd7 32. Rc5 g6 33. Kd3 g5 34. Kc4 h5 35. Kb5 Ra8 36. Ka4 h4 37. gxh4 gxh4 38. Rh5 Rc8 39. Rxh4 Rc2 40. Rf4 Rxb2 41. Kxa5 Ke6 42. g4 b3 43. axb3 Rxb3 44. Rf5 Rb2 45. Ka4 Ke7 46. Ka3 Rb1 47. g5 fxg5 48. Rxg5 f6 49. Rc5 Kd6 50. Rc2 Kd5 51. Rb2 Rc1 52. Kb3 Ke4 53. Rc2 Rb1+ 54. Kc3 f5 55. Rd2 Rc1+ 56. Kb2 Rc7 57. Kb3 f4 58. exf4 Kxf4 59. Kb4 Ke4 60. d5 Ke5 61. d6 Rd7 62. Kc5 Ke6 63. Re2+ 1-0

[Event "KSB 24/25 Slavoj E - Dobra E"]
[Site "?"]
[Date "2024.11.03"]
[Round "2.4"]
[White "Macicek, Jan"]
[Black "Jarolim, Jan"]
[Result "0-1"]
[WhiteElo "1846"]
[BlackElo "1935"]
[PlyCount "76"]
[EventDate "2024.??.??"]
[Source "Chess Informant"]

{[%evp 0,55,20,35,13,-18,-18,-7,63,58,58,67,63,63,93,44,43,53,95,71,114,0,127,80,68,68,68,47,64,-2,22,44,47,20,20,0,0,7,31,12,0,0,64,46,64,30,72,61,46,66,70,-15,-15,-77,-20,-172,-182,-185]} 1. e4 e5 2. f4 d5 3. exd5 Qxd5 4. Nc3 Qa5 5. Nf3 Bg4 6. Bb5+ c6 7. Be2 exf4 8. O-O Nd7 9. d4 Bd6 10. d5 Ne7 11. dxc6 Bc5+ 12. Kh1 Nxc6 13. Bxf4 O-O 14. Nb5 Qb4 15. Qc1 a6 16. a3 Qe4 17. Bd3 Qe7 18. Re1 Qd8 19. Nd6 Bxf3 20. gxf3 Ra7 21. Ne4 Bd4 22. c3 Nde5 23. Be2 Bb6 24. Qc2 Ra8 25. Ng5 Ng6 26. Bd2 Bc7 27. Ne4 Qh4 28. f4 Nxf4 29. Bf3 Ne5 30. Rf1 Nxf3 31. Rxf3 Nd5 32. Bg5 Qh5 33. Qg2 Rae8 34. Nc5 Re5 35. Rg1 Rxg5 36. Rh3 Rxg2 37. Rxh5 Rxg1+ 38. Kxg1 Nf6 0-1

[Event "KSB 24/25 Slavoj E - Dobra E"]
[Site "?"]
[Date "2024.11.03"]
[Round "2.5"]
[White "Vihnar, Milan"]
[Black "Tvrdy, Petr"]
[Result "0-1"]
[WhiteElo "1930"]
[BlackElo "1894"]
[PlyCount "132"]
[EventDate "2024.??.??"]
[Source "Chess Informant"]

{[%evp 0,115,20,13,36,36,56,42,28,38,38,35,94,67,75,79,91,59,95,55,64,25,9,-13,-7,-19,-19,-24,-17,-16,-10,-17,-5,-6,-13,-3,-3,-29,-24,-17,-24,-38,-1,6,7,9,0,-7,0,0,18,0,0,-19,0,-13,-10,-61,-40,-51,-51,-14,-36,-39,-12,-18,-10,7,-6,-5,7,0,1,17,16,18,0,-118,-64,-104,-88,-122,-118,-131,-106,-126,-119,-151,-164,-227,-236,-217,-215,-248,-244,-247,-244,-248,-240,-247,-247,-266,-229,-231,-223,-240,-243,-253,-260,-322,-262,-275,-269,-271,-282,-365,-272,-366]} 1. e4 c5 2. Nf3 e6 3. d4 cxd4 4. Nxd4 Nc6 5. Nc3 a6 6. g3 Bb4 7. Nxc6 bxc6 8. Bg2 d5 9. exd5 cxd5 10. O-O Nf6 11. Na4 Bd7 12. c3 Be7 13. Be3 Rb8 14. b4 O-O 15. Nc5 Bb5 16. Re1 Nd7 17. a4 Bc4 18. Nd3 Bf6 19. Qd2 Qc8 20. Rec1 Bxd3 21. Qxd3 Ne5 22. Qe2 Nc4 23. Bc5 Rd8 24. Bf1 Qc6 25. Bg2 Qc8 26. Rab1 g6 27. h4 h5 28. g4 hxg4 29. Qxg4 e5 30. Qxc8 Rbxc8 31. Rd1 e4 32. Bd4 Bxh4 33. b5 axb5 34. axb5 Rb8 35. Bf1 f5 36. b6 Rb7 37. Bxc4 dxc4 38. Rb4 Be7 39. Rxc4 Rxb6 40. Kg2 Bf6 41. Rc7 Bxd4 42. cxd4 Rbd6 43. Rh1 R8d7 44. Rc8+ Kg7 45. Rhh8 Rxd4 46. Rcg8+ Kf7 47. Rf8+ Ke7 48. Rfg8 Kf6 49. Rh6 Rg7 50. Rf8+ Ke7 51. Ra8 Rd3 52. Rhh8 Kf6 53. Raf8+ Kg5 54. Rh1 Kg4 55. Rg1 Kf4 56. Rb1 Rgd7 57. Rb6 R7d6 58. Rb5 Rd2 59. Rb4 Rc6 60. Rg8 Rcc2 61. Rxg6 Rxf2+ 62. Kg1 Kf3 63. Rb1 Rg2+ 64. Rxg2 Rxg2+ 65. Kf1 Rd2 66. Ke1 Rh2 0-1

[Event "KSB 24/25 Slavoj E - Dobra E"]
[Site "?"]
[Date "2024.11.03"]
[Round "2.6"]
[White "Bok, Tomas"]
[Black "Kondula, Lukas"]
[Result "1/2-1/2"]
[WhiteElo "1803"]
[BlackElo "1868"]
[PlyCount "49"]
[EventDate "2024.??.??"]
[Source "Chess Informant"]

{[%evp 0,49,20,20,27,27,27,15,17,17,22,30,19,7,13,2,13,-2,42,-21,-9,-35,-32,-30,-35,-29,20,-9,56,42,229,100,156,151,150,159,126,118,124,104,95,84,78,69,83,75,69,50,46,38,54,57]} 1. Nf3 Nf6 2. d4 d5 3. e3 e6 4. Bd3 Be7 5. O-O O-O 6. b3 c5 7. Ba3 Nbd7 8. Nbd2 Qc7 9. dxc5 Nxc5 10. Bxc5 Bxc5 11. c4 dxc4 12. Nxc4 Bd7 13. Qc2 b5 14. Nce5 b4 15. Nxd7 Nxd7 16. Bxh7+ Kh8 17. Bd3 Ne5 18. Nxe5 Qxe5 19. Qc4 Be7 20. Qg4 g6 21. Rad1 Rad8 22. Bc4 Kg7 23. Rxd8 Rxd8 24. Rd1 Rxd1+ 25. Qxd1 1/2-1/2

[Event "KSB 24/25 Slavoj E - Dobra E"]
[Site "?"]
[Date "2024.11.03"]
[Round "2.7"]
[White "Vaclavik, David"]
[Black "Halamicek, Radek"]
[Result "0-1"]
[WhiteElo "2061"]
[BlackElo "1769"]
[PlyCount "86"]
[EventDate "2024.??.??"]
[Source "Chess Informant"]

{[%evp 0,68,20,13,36,52,52,29,38,15,19,32,47,46,14,14,8,29,61,49,46,23,22,29,20,2,-5,7,-5,-8,5,-6,54,0,0,0,23,-32,-63,-63,-81,-81,-81,-81,-87,-176,-130,-298,-335,-247,-68,-76,-56,-66,-104,-94,-27,-27,-27,-27,-27,-101,-107,-101,-47,-71,-69,-69,-66,-291,-98]} 1. e4 c5 2. Nf3 e6 3. d4 cxd4 4. c3 dxc3 5. Nxc3 Bb4 6. Qd4 Bxc3+ 7. Qxc3 Nf6 8. Bg5 h6 9. Bxf6 gxf6 10. Bd3 Nc6 11. O-O b6 12. b4 Bb7 13. b5 Na5 14. Rac1 Rg8 15. Qd2 f5 16. Qxh6 fxe4 17. Qh7 Rg6 18. Ne5 Rxg2+ 19. Kxg2 exd3+ 20. Kh3 Qf6 21. f4 Ke7 22. Ng4 Qb2 23. Qh4+ Kd6 24. Qf2 Rh8+ 25. Kg3 d2 26. Rb1 Qc3+ 27. Qe3 Qxe3+ 28. Nxe3 Rg8+ 29. Kf2 Rh8 30. Ke2 Rxh2+ 31. Rf2 Rh5 32. Kxd2 Be4 33. Rb4 f5 34. Kc3 Rh3 35. Rd2+ Kc5 36. Re2 d5 37. a3 Nc4 38. Rxc4+ dxc4 39. a4 Rf3 40. Re1 Rxf4 41. Nd1 Rf3+ 42. Kb2 Kb4 43. Ne3 c3+ 0-1

[Event "KSB 24/25 Slavoj E - Dobra E"]
[Site "?"]
[Date "2024.11.03"]
[Round "2.8"]
[White "Gebauer, Adam"]
[Black "Svoboda, Petr"]
[Result "1/2-1/2"]
[WhiteElo "1732"]
[BlackElo "1902"]
[PlyCount "81"]
[EventDate "2024.??.??"]
[Source "Chess Informant"]

{[%evp 0,49,20,28,93,73,73,-24,31,40,82,94,86,84,86,64,103,98,111,87,122,87,146,134,136,91,115,101,149,95,129,48,120,71,237,21,99,47,48,51,176,175,281,283,386,444,485,510,552,590,646,736]} 1. e4 g6 2. d4 Bg7 3. f4 d6 4. Nc3 Nh6 5. Nf3 Bg4 6. Be3 O-O 7. Qd2 Bxf3 8. gxf3 f5 9. Bc4+ Kh8 10. O-O-O fxe4 11. fxe4 Ng4 12. h4 Nxe3 13. Qxe3 Bh6 14. Ne2 Qe8 15. e5 Nd7 16. Kb1 c5 17. c3 cxd4 18. cxd4 Nb6 19. Bb3 d5 20. h5 gxh5 21. Qf3 Qf7 22. Rxh5 Bxf4 23. Rf1 Rac8 24. Nxf4 Nc4 25. Bxc4 Rxc4 26. Ng6+ Qxg6+ 27. Rf5 Rxf5 28. Qxf5 Qxf5+ 29. Rxf5 Kg7 30. e6 Rxd4 31. Rf7+ Kg6 32. Rxe7 Kf6 33. Rxh7 Kxe6 34. Rxb7 Ra4 35. a3 Ke5 36. Kc2 Kd4 37. Kd2 Kc5 38. Kc3 Kc6 39. Rh7 Kd6 40. Rh6+ Ke5 41. Rh5+ 1/2-1/2

[Event "KSB 24/25 Frenstat pod R. - Slavoj F"]
[Site "?"]
[Date "2024.11.03"]
[Round "2.1"]
[White "Juracak, David"]
[Black "Zidek, Vaclav"]
[Result "0-1"]
[WhiteElo "1952"]
[BlackElo "2101"]
[PlyCount "156"]

{[%evp 0,156,19,31,14,-14,-11,0,31,33,29,27,23,23,43,56,48,37,48,32,44,29,10,34,20,25,33,20,16,11,20,20,24,23,19,17,31,17,66,9,29,-23,-10,-62,-83,-76,-71,-78,-89,-107,-143,-130,-140,-169,-224,-308,-282,-308,-302,-290,-276,-302,-276,-256,-309,-300,-309,-345,-258,-345,-192,-190,-187,-309,-309,-345,-299,-309,-299,-311,-178,-182,-182,-337,-280,-280,-280,-283,-186,-188,-156,-188,-188,-190,-193,-274,-193,-309,-309,-274,-187,-309,-193,-193,-195,-224,-193,-193,-110,-176,-174,-185,-194,-177,-198,-212,-220,-243,-255,-225,-175,-224,-109,-87,-110,-103,-114,-114,-134,-144,-98,-111,-70,-123,-52,-135,-109,-142,-142,-144,-171,-233,-233,-211,-211,-831,-997,-1000,-1028,-1028,-1058,-1047,-1182,-1346,-1413,-1413,-1564,-2179,-2477]} 1. d4 Nf6 2. c4 e6 3. Nf3 Bb4+ 4. Nc3 c5 5. e3 Nc6 6. Bd3 Bxc3+ 7. bxc3 d6 8. O-O e5 9. d5 Ne7 10. Ng5 h6 11. Ne4 Nxe4 12. Bxe4 f5 13. Bc2 O-O 14. f3 Bd7 15. Bd2 Qc7 16. Qe2 Rae8 17. g3 Kh8 18. Kh1 g5 19. Rf2 Ng6 20. g4 Nh4 21. gxf5 Bxf5 22. Bxf5 Rxf5 23. Raf1 Qf7 24. h3 Rf6 25. Kh2 Qh5 26. e4 Ref8 27. Kg3 R8f7 28. Be3 Kg8 29. Bd2 Kf8 30. Be3 Ke8 31. Bc1 Kd8 32. Be3 Kc8 33. Bd2 Kb8 34. Be3 Ng6 35. Kh2 Nh4 36. Kg3 Rf8 37. Bd2 R6f7 38. Be3 Ng6 39. Kh2 a6 40. Bd2 Nh4 41. Kg3 Ka7 42. Be3 Ng6 43. Kh2 Rg8 44. a3 Rf6 45. Rg1 Nh4 46. Rgf1 Rgf8 47. Kg3 Qe8 48. Qb2 Qf7 49. Qe2 Qd7 50. Qd2 Ng6 51. Kh2 Qa4 52. Qd3 Nh4 53. Bc1 Rxf3 54. Rxf3 Rxf3 55. Rxf3 Nxf3+ 56. Kg3 Nh4 57. Kg4 Qd7+ 58. Kh5 Qf7+ 59. Kg4 Qg6 60. a4 h5+ 61. Kg3 Qf6 62. Qe2 Ng6 63. Qxh5 Nf4 64. Qf3 Qh6 65. Bxf4 exf4+ 66. Kg2 Qg7 67. Kf2 Kb6 68. Ke2 Ka5 69. Kd3 Qd7 70. Qh5 Qxa4 71. e5 dxe5 72. Qxg5 Qd1+ 73. Ke4 Qe2+ 74. Kf5 f3 75. d6 f2 76. d7 f1=Q+ 77. Ke6 Qxh3+ 78. Ke7 Qh7+ 0-1

[Event "KSB 24/25 Frenstat pod R. - Slavoj F"]
[Site "?"]
[Date "2024.11.03"]
[Round "2.2"]
[White "Pustejovsky, Patrik"]
[Black "Krocek, Ivan"]
[Result "1-0"]
[WhiteElo "1902"]
[BlackElo "1788"]
[PlyCount "47"]

{[%evp 0,47,14,15,47,40,47,59,59,54,54,61,54,57,63,56,52,54,80,85,78,66,88,88,88,60,60,36,76,64,91,57,46,14,49,47,27,27,35,34,158,100,72,97,310,376,467,471,833,517]} 1. e4 d5 2. exd5 Nf6 3. d4 Nxd5 4. c4 Nf6 5. Nf3 e6 6. Nc3 Bb4 7. a3 Bxc3+ 8. bxc3 c5 9. Bd3 Nc6 10. O-O h6 11. Bc2 O-O 12. Re1 b6 13. Qd3 Ne7 14. Bf4 Ng6 15. Be5 Bb7 16. h4 h5 17. Ng5 Nxe5 18. Rxe5 Re8 19. Rae1 Rc8 20. Bd1 cxd4 21. Bxh5 dxc3 22. Bxf7+ Kf8 23. Qg6 Re7 24. Nxe6+ 1-0

[Event "KSB 24/25 Frenstat pod R. - Slavoj F"]
[Site "?"]
[Date "2024.11.03"]
[Round "2.3"]
[White "Klabazna, Michal"]
[Black "Svoboda, Tobias"]
[Result "1/2-1/2"]
[WhiteElo "1976"]
[BlackElo "1718"]
[PlyCount "66"]

{[%evp 0,66,11,21,47,36,32,18,18,34,32,20,35,25,27,22,14,7,30,28,35,28,30,4,33,4,32,-6,0,-3,2,0,0,0,14,-5,-5,-20,-27,-20,-32,-39,-43,-46,-3,-24,-40,-50,-24,-38,-5,0,30,-21,69,17,75,92,81,53,97,53,107,96,89,38,34,36,35]} 1. e4 e6 2. d4 d5 3. exd5 exd5 4. Nf3 Nf6 5. Bg5 Bg4 6. Be2 Be7 7. O-O O-O 8. Nc3 c6 9. h3 Bh5 10. Re1 Nbd7 11. a3 Qc7 12. Nh4 Bxe2 13. Rxe2 Rfe8 14. Nf5 Bd6 15. Rxe8+ Rxe8 16. Qd2 Bf8 17. Bf4 Qd8 18. b4 Nb6 19. Ne3 Ne4 20. Nxe4 Rxe4 21. Bh2 Bd6 22. c3 Bxh2+ 23. Kxh2 Qg5 24. a4 Re6 25. b5 Rg6 26. Qe2 Re6 27. Qf3 Rf6 28. Qg3 Qxg3+ 29. Kxg3 h6 30. a5 Nc4 31. Nxc4 dxc4 32. b6 a6 33. Ra4 Rf5 1/2-1/2

[Event "KSB 24/25 Frenstat pod R. - Slavoj F"]
[Site "?"]
[Date "2024.11.03"]
[Round "2.4"]
[White "Kudla, Martin"]
[Black "Halamicek, Robert"]
[Result "1-0"]
[WhiteElo "1840"]
[BlackElo "1818"]
[PlyCount "51"]

{[%evp 0,47,14,24,41,36,36,4,37,10,12,-10,-10,-17,14,18,21,-13,68,79,87,96,96,74,89,86,111,112,132,126,186,94,76,64,64,71,88,56,57,59,79,45,44,56,67,49,715,816,29989,1023]} 1. e4 c5 2. Nf3 Nc6 3. c3 e5 4. d4 cxd4 5. cxd4 exd4 6. Nxd4 Bc5 7. Nb3 Bb4+ 8. Nc3 Bxc3+ 9. bxc3 Qf6 10. Nd4 Nge7 11. Bc4 O-O 12. O-O Ne5 13. Bb3 b6 14. f4 Ba6 15. Rf2 Nd3 16. Rf3 Nxc1 17. e5 Ne2+ 18. Nxe2 Qc6 19. Nd4 Qc5 20. Rg3 Nf5 21. Rg5 g6 22. Kh1 h6 23. Rxg6+ Kh7 24. Rf6 Nxd4 25. cxd4 Qc3 26. Bc2+ 1-0

[Event "KSB 24/25 Frenstat pod R. - Slavoj F"]
[Site "?"]
[Date "2024.11.03"]
[Round "2.5"]
[White "Klecker, David"]
[Black "Kudla, Richard"]
[Result "0-1"]
[WhiteElo "1762"]
[BlackElo "2078"]
[PlyCount "58"]

{[%evp 0,58,23,20,65,60,61,45,35,40,42,11,22,17,20,20,61,-83,-81,-72,-77,-71,-93,-115,-93,-125,-99,-137,-98,-99,-105,-114,-96,-118,-101,-87,-93,-91,-96,-94,-90,-87,-80,-120,-104,-138,-145,-133,-133,-217,-213,-283,-283,-272,-114,-343,-336,-2038,-2038,-2121,-2335]} 1. e4 c6 2. Nf3 d5 3. exd5 cxd5 4. d4 Nc6 5. Be3 Bg4 6. h3 Bxf3 7. Qxf3 Qb6 8. Bc1 Nxd4 9. Qd3 e6 10. c3 Nc6 11. Be2 Nf6 12. Qb5 Qc7 13. O-O Bd6 14. Be3 O-O 15. Nd2 Ne7 16. Bg5 Bf4 17. Bxf6 gxf6 18. Qd3 Kh8 19. g3 Rg8 20. Kh2 Bd6 21. Rg1 e5 22. c4 e4 23. Qb3 Nf5 24. cxd5 e3 25. Ne4 exf2 26. Rg2 Nxg3 27. Nxd6 Nxe2 28. Rxf2 Qxd6+ 29. Kh1 Ng3+ 0-1

[Event "KSB 24/25 Frenstat pod R. - Slavoj F"]
[Site "?"]
[Date "2024.11.03"]
[Round "2.6"]
[White "Zidek Daniel"]
[Black "Georgiu Dimitri"]
[Result "1/2-1/2"]
[WhiteElo "1628"]
[BlackElo "1727"]
[PlyCount "79"]

{[%evp 0,79,23,13,13,0,-10,-14,-5,-20,-8,2,17,22,28,4,21,33,31,43,44,17,52,52,71,65,68,71,67,51,44,44,63,52,75,64,57,0,-6,-3,4,-13,4,-13,-14,-42,-20,-20,-8,-45,-39,-49,-24,-20,-19,-39,-19,-14,-14,-14,-15,-11,0,2,2,0,0,0,0,-5,-4,-4,-1,0,0,0,0,-23,-19,-23,0,0]} 1. d4 d5 2. c4 e6 3. Nc3 Nf6 4. cxd5 exd5 5. Bg5 Be7 6. e3 h6 7. Bh4 c6 8. Bd3 Be6 9. Nge2 Nbd7 10. Qc2 Qc7 11. Nf4 Bd6 12. Nxe6 fxe6 13. Bg6+ Kd8 14. Bg3 Bxg3 15. hxg3 Qa5 16. Rc1 Ke7 17. a3 Raf8 18. Qa4 Qxa4 19. Nxa4 Ng4 20. Rc2 e5 21. Bh5 Ngf6 22. Bf3 e4 23. Be2 h5 24. Nc5 Nxc5 25. Rxc5 Ng4 26. Bxg4 hxg4 27. Rh4 g5 28. Rxh8 Rxh8 29. Rc1 Rh1+ 30. Kd2 Rxc1 31. Kxc1 Kd6 32. Kc2 Kc7 33. a4 a5 34. Kc3 b5 35. b3 Kb6 36. Kc2 b4 37. Kd2 c5 38. Kc2 c4 39. Kb2 c3+ 40. Ka1 1/2-1/2

[Event "KSB 24/25 Frenstat pod R. - Slavoj F"]
[Site "?"]
[Date "2024.11.03"]
[Round "2.7"]
[White "Sindler, Vaclav"]
[Black "Yeon, Jun Son"]
[Result "0-1"]
[WhiteElo "1743"]
[BlackElo "1267"]
[PlyCount "58"]

{[%evp 0,58,14,20,60,57,55,28,28,25,39,42,53,49,25,29,38,34,45,51,42,39,39,22,27,16,21,18,14,15,11,14,8,6,29,-2,30,30,40,30,70,53,30,9,45,31,22,0,0,-69,-55,-100,-2,-107,-88,-121,-65,-73,-92,-187,-194]} 1. e4 c6 2. d4 d5 3. Nc3 dxe4 4. Nxe4 Bf5 5. Ng3 Bg6 6. Nf3 Nd7 7. Bd3 Bxd3 8. Qxd3 Ngf6 9. O-O e6 10. Bg5 Be7 11. Qb3 Qc7 12. Rfe1 O-O 13. c4 h6 14. Bxf6 Nxf6 15. Ne4 Rfd8 16. Rad1 a5 17. a4 Bb4 18. Nxf6+ gxf6 19. Re4 Kh7 20. Qc2 f5 21. Rh4 f6 22. c5 Qg7 23. Rh3 Rg8 24. Nh4 Qg4 25. Kf1 Qe4 26. Qe2 Rad8 27. Qxe4 fxe4 28. Ke2 Rg4 29. Ke3 Bxc5 0-1

[Event "KSB 24/25 Frenstat pod R. - Slavoj F"]
[Site "?"]
[Date "2024.11.03"]
[Round "2.8"]
[White "Zidkova, Agnes"]
[Black "Hanus, Michal"]
[Result "0-1"]
[WhiteElo "1505"]
[BlackElo "1432"]
[PlyCount "118"]

{[%evp 0,46,24,13,40,47,59,41,37,2,-21,-9,-18,-53,-60,-48,-50,-122,-58,-54,-54,-63,-87,-114,-121,-121,-129,-136,-110,-124,-127,-155,-153,-138,-147,-150,-54,-70,-62,-68,-69,-60,-66,-58,-61,-74,-84,-80,-81]} 1. e4 d5 2. exd5 Nf6 3. Nc3 Nxd5 4. Nxd5 Qxd5 5. Nf3 Nc6 6. h3 Bf5 7. d4 Qe4+ 8. Be2 Qxc2 9. Qxc2 Bxc2 10. Bb5 Be4 11. Ke2 a6 12. Bxc6+ Bxc6 13. Be3 g6 14. Rhd1 Bg7 15. g3 O-O 16. Rac1 Rfd8 17. Ne5 Bd5 18. Rxc7 Bxe5 19. dxe5 Bf3+ 20. Kxf3 Rxd1 21. Rxe7 b5 22. Bh6 Rdd8 23. e6 fxe6 24. Rg7+ Kh8 25. Re7 Re8 26. Bg7+ Kg8 27. Rc7 Rac8 28. Rb7 Rc6 29. Bh6 Rec8 30. Rg7+ Kh8 31. Re7 a5 32. Bg7+ Kg8 33. Bc3 R8c7 34. Re8+ Kf7 35. Ra8 a4 36. Rb8 Rc5 37. Bd4 Rd5 38. Bc3 g5 39. Kg4 Kg6 40. h4 Rc4+ 41. Kh3 gxh4 42. gxh4 Rd3+ 43. Kg2 Rg4+ 44. Kf1 Rd5 45. Rb6 Kf5 46. Rb8 Rxh4 47. Rf8+ Kg4 48. Rg8+ Kf3 49. Rf8+ Rf5 50. Rg8 Rh1+ 51. Rg1 Rxg1+ 52. Kxg1 h5 53. b3 axb3 54. axb3 Ke2 55. Kh2 Rf3 56. Bd4 Rxb3 57. Kg2 Rb1 58. Kg3 b4 59. Kh4 Rh1+ 0-1

[Event "KSB 24/25 Koprivnice A - Hostalkovice"]
[Site "?"]
[Date "2024.11.03"]
[Round "2.1"]
[White "Vermirovsky, Vlastimil"]
[Black "Zinglar, David"]
[Result "1-0"]
[WhiteElo "2013"]
[BlackElo "1951"]
[PlyCount "49"]
[EventDate "2024.11.03"]
[WhiteTeam "SK ASK Tatra Koprivnice"]
[BlackTeam "SK Hostalkovice"]

{[%evp 0,49,20,28,35,35,90,59,61,40,49,44,48,43,63,15,20,31,38,28,38,6,16,16,16,18,29,-32,11,-2,57,-92,-46,-95,-44,-95,-95,-44,-25,-63,120,99,162,164,257,352,321,224,2279,2556,2864,2965]} 1. e4 c5 2. Nf3 d6 3. d4 cxd4 4. Nxd4 Nf6 5. Nc3 a6 6. Bg5 e6 7. f4 Be7 8. Qf3 Qc7 9. O-O-O Nbd7 10. g4 b5 11. Bxf6 Nxf6 12. g5 Nd7 13. f5 Bxg5+ 14. Kb1 Nb6 15. Bxb5+ axb5 16. Ndxb5 Qe7 17. Nxd6+ Kf8 18. e5 exf5 19. h4 Bh6 20. Qc6 Rb8 21. Nxc8 Nxc8 22. Rd7 Qe8 23. Rhd1 Nb6 24. Qd6+ Kg8 25. Qxb8 1-0

[Event "KSB 24/25 Koprivnice A - Hostalkovice"]
[Site "?"]
[Date "2024.11.03"]
[Round "2.2"]
[White "Smetana, David"]
[Black "Omamik, Pavel"]
[Result "1/2-1/2"]
[WhiteElo "2013"]
[BlackElo "1897"]
[PlyCount "89"]
[EventDate "2024.11.03"]
[WhiteTeam "SK ASK Tatra Koprivnice"]
[BlackTeam "SK Hostalkovice"]

{[%evp 0,89,20,-5,36,18,13,3,11,5,10,4,6,-3,16,4,14,1,-4,-4,-3,-14,-8,-21,-14,-34,-3,-11,-11,-6,19,15,18,0,0,-31,0,-35,16,1,52,-12,-20,-26,-34,-81,-12,-111,-78,-86,-82,-71,-57,-188,-166,-300,-287,-274,-150,-253,-241,-235,-235,-203,-176,-200,-186,-193,-60,-131,-77,-124,-106,-177,-112,-123,-74,-36,-27,-83,27,79,122,42,48,47,54,15,5,-19,-10,-10]} 1. c4 g6 2. g3 Bg7 3. Bg2 Nc6 4. Nf3 e5 5. Nc3 d6 6. d3 Nge7 7. Bd2 O-O 8. O-O Bg4 9. h3 Bd7 10. Qc1 Rb8 11. Bg5 a6 12. Rb1 b5 13. Nd5 f6 14. Bd2 Nxd5 15. cxd5 Ne7 16. Ba5 Rb7 17. e4 Qb8 18. a3 Rc8 19. Qd2 c5 20. b4 c4 21. Rfc1 f5 22. dxc4 fxe4 23. Nh4 Rxc4 24. Rxc4 bxc4 25. Bxe4 Qc8 26. g4 Bxg4 27. f3 Bxh3 28. Rc1 Bf5 29. Qg2 Bxe4 30. fxe4 Bh6 31. Rc3 Bf4 32. Qe2 g5 33. Ng2 Qf8 34. Qg4 Qf7 35. Rxc4 h5 36. Qe6 Qxe6 37. dxe6 d5 38. exd5 Nxd5 39. Rc5 Nf6 40. Nxf4 exf4 41. Rxg5+ Rg7 42. Rxg7+ Kxg7 43. Bc7 Nd5 44. Be5+ Kg6 45. Bd6 1/2-1/2

[Event "KSB 24/25 Koprivnice A - Hostalkovice"]
[Site "?"]
[Date "2024.11.03"]
[Round "2.4"]
[White "Soki, Zdenek"]
[Black "Socha, Jaromir"]
[Result "0-1"]
[WhiteElo "1864"]
[BlackElo "1901"]
[PlyCount "62"]
[EventDate "2024.11.03"]
[WhiteTeam "SK ASK Tatra Koprivnice"]
[BlackTeam "SK Hostalkovice"]

{[%evp 0,62,28,20,27,20,12,14,57,65,36,32,38,17,13,-12,2,-19,-21,-24,-10,-44,28,7,8,1,-3,-16,-17,-28,-30,-68,-80,-73,-28,-45,-37,-44,-44,-48,-41,-42,-42,-70,-51,-51,-47,-56,-52,-141,-84,-90,-93,-117,-117,-134,-135,-535,-558,-557,-536,-568,-557,-557,-569]} 1. d4 Nf6 2. Nc3 d5 3. Bf4 c6 4. e3 Bf5 5. Nf3 e6 6. Ne5 Nbd7 7. h3 Bb4 8. Bd3 Ne4 9. Bxe4 Bxe4 10. O-O Bg6 11. Ne2 Nxe5 12. Bxe5 f6 13. Bg3 O-O 14. c3 Bd6 15. Qd2 e5 16. dxe5 Bxe5 17. f4 Bc7 18. f5 Bf7 19. Bxc7 Qxc7 20. Rad1 Rfe8 21. Nf4 Re7 22. Rf3 Rae8 23. Qf2 Qa5 24. Qh4 d4 25. cxd4 Qxf5 26. Qf2 Bxa2 27. g4 Qe4 28. Nh5 Bd5 29. Rf1 Qxf3 30. Qxf3 Bxf3 31. Rxf3 Rxe3 0-1

[Event "KSB 24/25 Koprivnice A - Hostalkovice"]
[Site "?"]
[Date "2024.11.03"]
[Round "2.5"]
[White "Briza, Jiri"]
[Black "Cyron, Karel"]
[Result "1-0"]
[WhiteElo "1879"]
[BlackElo "1733"]
[PlyCount "65"]
[EventDate "2024.11.03"]
[WhiteTeam "SK ASK Tatra Koprivnice"]
[BlackTeam "SK Hostalkovice"]

{[%evp 0,65,9,8,62,88,79,15,53,35,35,46,84,63,85,74,136,144,162,157,157,157,200,182,225,219,257,243,251,177,356,194,200,212,204,190,230,212,190,190,227,240,240,222,321,318,323,265,285,297,296,292,333,319,336,298,300,306,303,303,315,308,324,317,317,332,328,289]} 1. e4 Nf6 2. e5 Nd5 3. Bc4 c6 4. Nf3 e6 5. d4 Be7 6. O-O O-O 7. Bb3 a5 8. c4 Nb6 9. Nc3 Na6 10. a3 Rb8 11. Be3 Na8 12. d5 Bc5 13. Bf4 N8c7 14. Bc2 g6 15. Bh6 cxd5 16. Bxf8 Bxf8 17. cxd5 exd5 18. Nxd5 Nxd5 19. Qxd5 b5 20. Bb3 Qe7 21. Ng5 Bb7 22. Qxf7+ Qxf7 23. Nxf7 a4 24. Ba2 Kg7 25. Nd6 Ba8 26. Rad1 Nc5 27. Bd5 Bxd6 28. exd6 Bxd5 29. Rxd5 Ne6 30. g3 b4 31. Ra5 bxa3 32. bxa3 Rb3 33. Rd1 1-0